| 000 | 00566nam a22001937a 4500 | ||
|---|---|---|---|
| 003 | 0 | ||
| 005 | 20230911143855.0 | ||
| 008 | 230811b xxu||||| |||| 00| 0 eng d | ||
| 020 | _a978-1-77469-148-9 | ||
| 050 |
_aQD 31.2 _b.F57 2022 |
||
| 100 | _aFiscal, Rainer Roldan | ||
| 245 |
_aKey concepts in chemistry _cRainer Roldan Fiscal |
||
| 260 |
_aCanada _bArcler Press _c2022 |
||
| 300 |
_axv, 283 p. : _bcol. ill. ; _c24 cm. |
||
| 500 | _aChemistry. | ||
| 504 | _aIncludes bibliographical references and indexes. | ||
| 650 | _aChemistry. | ||
| 942 |
_2lcc _cBK |
||
| 999 |
_c365121 _d365121 |
||